Notseriou's - Tous les épisodes - Statistiques

Statistiques générales
  • Ce quiz a été pris 4 fois
  • Le résultat moyen est 10 sur 25
Statistiques - réponses
Episode Film Réalisateur Année % Correct
25 Arthur Malédiction Barthélémy Grossmann 2022
100%
13 Pee-Wee's Big Adventure Tim Burton 1985
100%
22 Pee-Wee's Big Holiday John Lee 2016
100%
24 Vivre pour Survivre Jean-Marie Pallardy 1984
100%
1 Grease Randal Kleiser 1978
67%
12 Le Baltringue Cyril Sebas 2010
67%
15 Blair Witch 2 : Le livre des ombres Joe Berlinger 2000
33%
14 Buffy, tueuse de vampires Fran Rubel Kuzui 1992
33%
10 Halloween: Resurrection Rick Rosenthal 2002
33%
5 Karate Kid John G. Avildsen 1984
33%
7 Lara Croft : Tomb Raider Simon West 2001
33%
20 Lara Croft : Tomb Raider, le Berceau de la Vie Jan de Bont 2003
33%
16 Le Fils du Mask Lawrence Guterman 2005
33%
17 Ninja Kids Jon Turteltaub 1992
33%
19 Power Rangers Bryan Spicer 1995
33%
3 Sister Act 2 Bill Duke 1993
33%
11 Torque, la route s'enflamme Joseph Kahn 2004
33%
4 True Lies James Cameron 1994
33%
18 Ultraviolet Kurt Wimmer 2006
33%
9 Bloodsport Newt Arnold 1988
0%
21 Charlie et ses drôles de dames McG 2000
0%
8 La Course au Jouet Brian Levant 1996
0%
6 Space Jam Tom Pytka 1996
0%
2 Urban Legend Jamie Blanks 1998
0%
23 Y a-t-il un YouTuber dans l'avion David Dinetz & Dylan Trussell 2019
0%
Aucun quiz correspondant
Distribution des résultats
% des personnes avec chaque résultat
Percentile par nombre de réponses
Votre historique - résultats
Vous n’avez pas pris ce quiz